01018cam a22002411 4500001000500000005001700005020001800022040003500040050001700075100004200092245005600134260005500190300004000245490003300285505000800318520028300326521002000609521002000629650002200649650003100671650003200702655004200734140420240131154908.0 a9780807593660 aDLCcDLCdDLCdOCoLCdDLCbeng00aPZ7.W244bYe aWarner, Gertrude Chandlerd1890-1979. 4aThe yellow house mysterycWarner, Gertrude Chandler bAlbert Whitman & Company : c1953aMorton Grove ,  a191 pages :billustrations ;c20 cm aThe boxcar children vBook 3 aO  aRelates the exploits of the four Alden children as they locate a missing man. The Boxcar children are determined to solve the mystery that surrounds an old yellow house on their grandfather's property. Strange things have happened in that house where long ago a man disappeared. a620 bLexile  aO bRaz-Plus  0vJuvenile fiction. 0aOrphansvJuvenile fiction. 0aFamiliesvJuvenile fiction. 7aDetective and mystery stories.2gsafd